00562nam a22001457a 4500003000400000005001700004008003800021040002500059245012500084260004900209300002300258942001400281952010400295999001700399OSt20201027105034.0201026b 2008 dr 00| 0 eng d aDO-SdBNPbspacBNPHU00aLa legítima defensa en el caso Elías Dhimes / cRamón Antonio Veras ; presentación Domingo Porfirio Rojas Nina  a Santo Domingo : bEditora Manatí, c2008. a341 p. ; c28 cm.  2ddccLBS1 00102ddc708MOaBNPHUbPDcCTd2020-10-26eDomínico Americano l0r2020-10-26w2020-10-26yLBS1 c48962d48962